000 00492nam a2200217Ia 4500
003 OSt
005 20221005114139.0
006 a|||||r|||| 00| 0
007 ta
008 221004b |||||||| |||| 00| 0 eng d
024 _a118519
037 _cTextual
040 _aCRL
_cCRL
_beng
041 _2eng
_aeng
100 _aKendeigh S C
_9625529
245 0 _aAnimal ecology
260 _c1961
650 _aZOOLOGY
942 _cTEXL
_2cc
999 _c1030386
_d1030386